000 00496nam a2200181Ia 4500
001 8628
005 20260306160623.0
008 260306t2015||||xx |||||||||||||| ||spa||
041 _aESP
082 _a371.2
_bS747
100 _aSistema Nacional de Evaluación, Acreditación y Certificación de la Calidad Educativa
_eAUT
245 0 _aCalidad en educación y derroteros
260 _c2015
300 _a98 páginas :
_c24 cm.
650 _aGEN
654 _aCED
942 _cLIB
_dJUS
_fJUS
_2ddc
_n
999 _c8628
_d8628